5 Countries Click Quiz #5 - Statistics

General Stats
  • This quiz has been taken 85 times
  • The average score is 10 of 15
Answer Stats
Hint Answer % Correct
Capital is Kathmandu? Nepal
95%
Capital is Islamabad? Pakistan
95%
Capital is Quito? Ecuador
93%
Only triangle country flag? Nepal
87%
Capital is Vaduz? Liechtenstein
84%
Double landlocked? Liechtenstein
84%
Capital is Dar es Salaam or Dodoma Tanzania
78%
30 percent of the country is national parks? Tanzania
69%
Home to the world's shortest man? Nepal
60%
Has the second highest peak? Pakistan
60%
Has the closest land to the sun? Ecuador
53%
Produces the most false teeth? Liechtenstein
51%
City in country is world's largest producer in hand sewn soccer balls? Pakistan
45%
Has trees that can live over 1,000 years? Tanzania
38%
First country to get rid of death penalty? Ecuador
11%
No matching quizzes found
Score Distribution
Percent of People with Each Score
Percentile by Number Answered
Your Score History
You have not taken this quiz